000 00580nam a2200181Ia 4500
005 20250423101108.0
008 250422s9999 xx 000 0 und d
020 _a1-57542-089-9
050 _aLC 3993.9 .W56/
100 _aWinebrenner, Susan
245 0 _aTeaching gifted kids in the regular classroom : Strategies and techniques every teacher can use to meet the academic needs of the gifted and talented
260 _aMinneapolis
260 _bFree Spirit
260 _c2001
300 _a243 p
650 _aGifted children -- Education -- United States
942 _cBK
999 _c35271
_d35271